Liste des Pokémon ayant au moins 130 de base stat en PV - Statistiques

Statistiques générales
  • Ce quiz a été pris 51 fois
  • Le résultat moyen est 16 sur 30
Statistiques - réponses
Type Principal Pokémon PV % Correct
Normal Leuphorie 255
100%
Normal Leveinard 250
100%
Normal Ronflex 160
87%
Ténèbres Engloutyran 223
83%
Poison Ethernatos 140
70%
Normal Monaflemit 150
70%
Spectre Giratina 150
65%
Normal Goinfrex 135
65%
Psy Lunala 137
65%
Psy Solgaleo 137
65%
Dragon Zygarde Forme Parfaite 216
65%
Eau Wailord 170
61%
Eau Oyacata 150
57%
Dragon Regidrago 200
57%
Eau Wailmer 130
52%
Ténèbres Dinglu 155
48%
Combat Hariyama 144
48%
Psy Qulbutoke 190
48%
Normal Grodoudou 140
43%
Eau Mamanbo 165
43%
Spectre Giratina Origine 150
39%
Eau Aquali 130
35%
Glace Balbaleze 170
35%
Eau Lokhlass 130
35%
Combat Paume-de-Fer 154
35%
Acier Melmetal 135
30%
Normal Terapagos Forme Stellaire 160
30%
Spectre Grodrive 150
26%
Poison Terraiste 130
26%
Sol Ursaking 130
26%
Aucun quiz correspondant
Distribution des résultats
% des personnes avec chaque résultat
Percentile par nombre de réponses
Votre historique - résultats
Vous n’avez pas pris ce quiz